Pravidlá spoločenského správania čo sa patrí a čo nie

Gespeichert in:
Bibliographische Detailangaben
1. Verfasser: Brázdová, Dagmar (Verfasst von)
Format: Buch
Sprache:Slowakisch
Veröffentlicht: Bratislava : IRIS-Knižní klub, 1992
Ausgabe:1.vyd.
Tags: Tag hinzufügen
Keine Tags, Fügen Sie das erste Tag hinzu!

MARC

LEADER 00000nam a22000003a 4500
001 stu8402
005 20150617225806.4
008 960112s1992----xo------------------slo-d
020 |a 80-900530-6-8 
040 |a STU  |b slo 
041 0 |a slo 
044 |a xo 
080 |a 17 
080 |a 301.16  |7 stu_us_auth*stu8203 
100 1 |a Brázdová, Dagmar  |4 aut 
245 1 |a Pravidlá spoločenského správania čo sa patrí a čo nie 
250 |a 1.vyd. 
260 |a Bratislava :  |b IRIS-Knižní klub,  |c 1992 
300 |a 103 s 
996 |b 284EK84890  |c E*84890  |l EE01  |s A  |a 24  |w stu8402_0001 
996 |b 284EK84870  |c E*84870  |l EE0101  |s P  |a 0  |w stu8402_0002 
996 |b 284EK84869  |c E*84869  |l EE01  |s A  |a 24  |w stu8402_0003 
996 |b 284EK84917  |c E*84917  |l EE11  |s P  |a 0  |w stu8402_0004 
996 |b 284EK07344  |c E*80331  |l EE01  |s A  |a 24  |w stu8402_0005